| 000 | 01228nam a22001937a 4500 | ||
|---|---|---|---|
| 008 | 190809b xxu||||| |||| 00| 0 eng d | ||
| 020 | _a0521698596 | ||
| 050 | _aPE1137.J55 | ||
| 100 | _aJones, Daniel | ||
| 245 |
_aCamabridge: English pronouncing dictionary. / _cDaniel Jones. |
||
| 250 | _a17th ed. | ||
| 260 |
_aNew York: _bCambridge University Press, _c2006. |
||
| 300 |
_axxi, 599 p.: _bill.; _c23 cm. |
||
| 505 | _aContents:Part 1: Introduction to the English pronouncing dictionary: What is the English pronouncing dictionary? -- Whose pronunciation is represented? -- How are the pronunciations chosen? -- Regional accents -- Pronunciation of foreign words -- Usage notes -- Syllable divisions -- Part 2: Principles of transcription: The phoneme principle -- Vowels and diphthongs -- Consonants -- Non-English sounds -- Stress -- Syllable divisions -- Assimilation -- Treatment of /r/ -- Use of /i/ and /u/ -- Syllabic consonants -- Optional sounds -- Elision -- Part 3: Explanatory notes -- List of recommended reading -- The international phonetic alphabet -- Index of information panels -- The dictionary. | ||
| 700 | _aRoach, Peter. | ||
| 700 | _aHartman, James. | ||
| 700 | _aSetter, Jane. | ||
| 942 |
_2lcc _cBK |
||
| 999 |
_c6900 _d14400 |
||